[Event "Women's Speed Chess Q4"]
[Site "chess.com INT"]
[Date "2021.06.03"]
[Round "8"]
[White "Narva, Mai"]
[Black "Sviridova, Vlada"]
[Result "1-0"]
[WhiteTitle "WIM"]
[BlackTitle "WFM"]
[WhiteElo "2276"]
[BlackElo "2144"]
[WhiteFideId "4500512"]
[BlackFideId "24109606"]
[EventDate "2021.06.03"]

1. e4 e6 2. d4 d5 3. Nd2 c5 4. Ngf3 cxd4 5. Nxd4 Nc6 6. Bb5 Bd7 7. Nxc6 bxc6 8.
Bd3 Bd6 9. c4 Ne7 10. Qe2 Qc7 11. Nf3 Bf4 12. O-O O-O 13. e5 Bxc1 14. Raxc1 h6
15. Bb1 Rfc8 16. h4 c5 17. h5 d4 18. Nd2 Bc6 19. f4 Nf5 20. Ne4 Ne3 21. Rf3 Bxe4
22. Bxe4 Rab8 23. Bb1 Qb6 24. b3 a5 25. Qd3 Nf5 26. g4 Ne7 27. Qh7+ Kf8 28. g5
Ng8 29. gxh6 Nxh6 30. Rg3 Ke7 31. Rxg7 Rg8 32. Qxh6 Rxg7+ 33. Qxg7 Qc6 34. Kf2
Rf8 35. h6 Qa8 36. h7 a4 37. Rh1 Rh8 38. Qf6+ Kd7 39. Qxf7+ Kc6 40. Be4+ Kb6 41.
Bxa8 1-0

[Event "Women's Speed Chess Q4"]
[Site "chess.com INT"]
[Date "2021.06.03"]
[Round "8"]
[White "Cyfka, Karina"]
[Black "Fominykh, Maria"]
[Result "1-0"]
[WhiteTitle "IM"]
[BlackTitle "WGM"]
[WhiteElo "2415"]
[BlackElo "2206"]
[WhiteFideId "1122681"]
[BlackFideId "4142411"]
[EventDate "2021.06.03"]

1. d4 Nf6 2. c4 g6 3. Nc3 Bg7 4. e4 d6 5. f3 O-O 6. Nge2 c5 7. d5 e6 8. Bg5 h6
9. Bh4 exd5 10. cxd5 a6 11. a4 Nbd7 12. Bg3 Ne5 13. Bxe5 dxe5 14. Nc1 Ne8 15.
Be2 Nd6 16. O-O Bd7 17. a5 h5 18. Kh1 b5 19. axb6 Qxb6 20. Qc2 Rfb8 21. Na4 Bxa4
22. Rxa4 Qxb2 23. Qxc5 Rc8 24. Qa3 Qxa3 25. Rxa3 Nb5 26. Bxb5 axb5 27. Rxa8 Rxa8
28. Nd3 f6 29. Rb1 Rb8 30. Kg1 Bf8 31. Kf2 Kf7 32. Ke2 Bd6 33. Nb4 f5 34. Nc6
Rb6 35. Kd3 Kf6 36. Kc3 g5 37. Ra1 g4 38. Ra8 gxf3 39. gxf3 fxe4 40. fxe4 Kg5
41. Rd8 Bc5 42. Nxe5 Be7 43. Rg8+ Kh6 44. Nc6 Bf6+ 45. Kb4 Bg7 46. e5 h4 47. e6
Bf6 48. e7 Bxe7+ 49. Nxe7 Rd6 50. Nf5+ Kh7 51. Nxd6 Kxg8 52. Nxb5 Kf7 53. d6 Ke6
54. Kc5 Kd7 55. Kd5 1-0

[Event "Women's Speed Chess Q4"]
[Site "chess.com INT"]
[Date "2021.06.03"]
[Round "8"]
[White "Girya, Olga"]
[Black "Potapova, Margarita"]
[Result "1/2-1/2"]
[WhiteTitle "WGM"]
[BlackTitle "WIM"]
[WhiteElo "2451"]
[BlackElo "2252"]
[WhiteFideId "4195752"]
[BlackFideId "14126869"]
[EventDate "2021.06.03"]

1. d4 Nf6 2. Nf3 e6 3. c4 d5 4. Nc3 dxc4 5. e4 Bb4 6. Bxc4 Nxe4 7. O-O Nf6 8.
Qa4+ Nc6 9. Ne5 Rb8 10. d5 exd5 11. Nxc6 bxc6 12. Nxd5 Nxd5 13. Qxc6+ Qd7 14.
Qxd5 Qxd5 15. Bxd5 O-O 16. Be3 Bd6 17. Bxa7 Rxb2 18. Bd4 Rd2 19. Rfd1 Rxd1+ 20.
Rxd1 Be6 21. Bxe6 fxe6 22. a4 Ra8 23. Ra1 Bb4 24. Kf1 c5 25. Be3 c4 26. Ke2 Kf7
27. Kd1 e5 28. Kc2 Ke6 29. Bb6 Kd5 30. a5 Kc6 31. f3 Kb5 32. Bc7 Bxa5 33. Bxe5
Re8 34. f4 g6 35. g4 Re7 36. Rf1 Bc7 37. Bxc7 Rxc7 38. f5 gxf5 39. gxf5 Kc5 40.
f6 Rf7 41. Kc3 Kd5 42. Rf4 Ke5 43. Rh4 Kxf6 44. Rf4+ Kg6 45. Rxf7 Kxf7 46. Kxc4
Kf6 47. Kd4 1/2-1/2

[Event "Women's Speed Chess Q4"]
[Site "chess.com INT"]
[Date "2021.06.03"]
[Round "8"]
[White "Morris-Suzuki, Sophie"]
[Black "Rakshitta, Ravi"]
[Result "1-0"]
[WhiteTitle "WFM"]
[BlackTitle "WIM"]
[WhiteElo "2043"]
[BlackElo "2190"]
[WhiteFideId "30922615"]
[BlackFideId "25073230"]
[EventDate "2021.06.03"]

1. e4 e5 2. Nf3 Nc6 3. Bc4 Bc5 4. O-O d6 5. h3 Nf6 6. Qe2 h6 7. c3 g5 8. d4 exd4
9. cxd4 Nxd4 10. Nxd4 Bxd4 11. Bxf7+ Kxf7 12. Qc4+ Be6 13. Qxd4 g4 14. hxg4 Nxg4
15. Bf4 Rg8 16. Nc3 Qh4 17. Bg3 Qg5 18. f4 Qh5 19. f5 Bd7 20. e5 Nxe5 21. Bxe5
Bc6 22. Ne4 dxe5 23. Qc4+ Kf8 24. Qxg8+ Ke7 25. Qe6+ Kf8 26. Nf6 Qh4 27. Qg8+
Ke7 28. Qg7+ Kd6 29. Rfd1+ Kc5 30. Qe7+ Kb6 31. b4 a5 32. Nd5+ Ka7 33. Qxh4 1-0

[Event "Women's Speed Chess Q4"]
[Site "chess.com INT"]
[Date "2021.06.03"]
[Round "8"]
[White "Ambartsumova, Karina"]
[Black "Bodnaruk, Anastasia"]
[Result "0-1"]
[WhiteTitle "IM"]
[BlackTitle "IM"]
[WhiteElo "2382"]
[BlackElo "2457"]
[WhiteFideId "4166299"]
[BlackFideId "4181751"]
[EventDate "2021.06.03"]

1. Nf3 Nf6 2. g3 g6 3. Bg2 Bg7 4. d4 O-O 5. O-O d6 6. b3 Nbd7 7. Bb2 c6 8. c4
Re8 9. Qc2 e5 10. e4 exd4 11. Nxd4 Nc5 12. Nd2 a5 13. Rad1 Ng4 14. Rfe1 Qb6 15.
N2f3 a4 16. Bc3 axb3 17. axb3 Ne5 18. Rb1 Ncd3 19. Red1 Nb4 20. Qd2 Ned3 21. Ra1
Rxa1 22. Bxa1 Bg4 23. h3 Bxf3 24. Nxf3 Bxa1 25. Rxa1 Rxe4 26. Ra8+ Kg7 27. Qc3+
f6 28. Qd2 Re7 29. h4 h5 30. Bh3 Qc5 31. Kg2 d5 32. cxd5 Qxd5 33. Qc3 Ne1+ 34.
Kf1 Nxf3 35. Qc1 Nd2+ 0-1

[Event "Women's Speed Chess Q4"]
[Site "chess.com INT"]
[Date "2021.06.03"]
[Round "8"]
[White "Ziegenfuss, Antonia"]
[Black "Pandey, Srishti"]
[Result "1-0"]
[WhiteTitle "WFM"]
[BlackTitle "WFM"]
[WhiteElo "2157"]
[BlackElo "2026"]
[WhiteFideId "12962554"]
[BlackFideId "35093290"]
[EventDate "2021.06.03"]

1. d4 Nf6 2. c4 c5 3. d5 b5 4. cxb5 a6 5. bxa6 Bxa6 6. Nc3 g6 7. e4 Bxf1 8. Kxf1
d6 9. g3 Bg7 10. Kg2 O-O 11. Nf3 Nbd7 12. a4 Ra6 13. Qc2 Qa8 14. Nb5 Qb7 15. Bd2
Rfa8 16. Bc3 Nb6 17. b3 c4 18. bxc4 Rxa4 19. Rhb1 Rxa1 20. Bxa1 Qc8 21. Nbd4 Na4
22. Nc6 Qc7 23. Nfd4 Nc5 24. Nb5 Qd7 25. f3 e6 26. Nxd6 exd5 27. cxd5 Qxd6 28.
e5 Qf8 29. exf6 Bh6 30. Ne7+ Kh8 31. Qxc5 Qd8 32. Bd4 Ra2+ 33. Bf2 Bf8 34. Qe3 1-0

[Event "Women's Speed Chess Q4"]
[Site "chess.com INT"]
[Date "2021.06.03"]
[Round "8"]
[White "Head, Louise"]
[Black "Petrova, Irina"]
[Result "0-1"]
[WhiteTitle "WFM"]
[BlackTitle "WIM"]
[WhiteElo "2090"]
[BlackElo "2110"]
[WhiteFideId "424773"]
[BlackFideId "14124122"]
[EventDate "2021.06.03"]

1. d4 d6 2. c4 e5 3. dxe5 dxe5 4. Qxd8+ Kxd8 5. Nf3 f6 6. Nc3 c6 7. e3 Be6 8.
Be2 Nd7 9. O-O Kc7 10. Rd1 Ne7 11. a3 a5 12. b3 Nc8 13. Bb2 Ncb6 14. Nd2 Be7 15.
Rac1 Rhd8 16. Kf1 Nc5 17. Nce4 Nxe4 18. Nxe4 Rxd1+ 19. Bxd1 a4 20. c5 Nd5 21. b4
b5 22. cxb6+ Nxb6 23. Be2 Kb7 24. Nc5+ Bxc5 25. Rxc5 Rd8 26. Ke1 Rd5 27. Rc1 Rd7
28. b5 cxb5 29. Bxb5 Rc7 30. Rxc7+ Kxc7 31. Kd2 Bc4 32. Be8 Bb3 33. Kc3 Nd5+ 34.
Kd2 Kd6 35. Bf7 Ne7 36. Bxb3 axb3 37. Kc3 Nf5 38. Kxb3 Nh4 39. g3 Nf3 40. h4
Nd2+ 41. Kc2 Ne4 42. Bc3 Nxf2 43. Bb4+ Kc6 44. Bf8 g5 45. hxg5 fxg5 46. Be7 g4
47. Kd2 Ne4+ 48. Kd3 Nxg3 49. Bf6 e4+ 50. Kd4 h5 51. Bh4 Nf5+ 52. Kxe4 Nxh4 53.
Kf4 Ng2+ 54. Kg3 Nxe3 55. Kh4 Nc4 56. Kxh5 g3 57. Kg4 g2 58. Kh3 g1=Q 0-1

[Event "Women's Speed Chess Q4"]
[Site "chess.com INT"]
[Date "2021.06.03"]
[Round "8"]
[White "Matveeva, Olga"]
[Black "Selkirk, Rebecca"]
[Result "1-0"]
[WhiteTitle "WIM"]
[BlackTitle "WCM"]
[WhiteElo "2145"]
[BlackElo "1799"]
[WhiteFideId "24107018"]
[BlackFideId "14306514"]
[EventDate "2021.06.03"]

1. d4 d5 2. c4 c6 3. Nf3 Nf6 4. e3 e6 5. b3 Nbd7 6. Bd3 Be7 7. O-O O-O 8. Ba3 c5
9. Nbd2 cxd4 10. Bxe7 Qxe7 11. Nxd4 e5 12. Nf5 Qc5 13. cxd5 Nxd5 14. Rc1 Qb6 15.
Nc4 Qf6 16. Nfd6 N7b6 17. Nxc8 Raxc8 18. Qh5 h6 19. Qxe5 Nxc4 20. Qxf6 Nxf6 21.
Bxc4 a6 22. Rfd1 b5 23. Be2 Rxc1 24. Rxc1 g6 25. Bf3 Nd7 26. Kf1 Kg7 27. Rc6 Nb8
28. Rc7 Rd8 29. Ke2 Rd7 30. Rxd7 Nxd7 31. Bb7 Nb8 32. Kd3 Kf6 33. Kd4 Ke6 34. e4
Kd6 35. f4 f6 36. e5+ fxe5+ 37. fxe5+ Kc7 38. Bd5 Nd7 39. e6 Nf6 40. Kc5 b4 41.
Bc4 a5 42. Kb5 Ne4 43. Kxa5 Nc3 44. Kxb4 Nxa2+ 45. Kc5 Nc1 46. b4 1-0

[Event "Women's Speed Chess Q4"]
[Site "chess.com INT"]
[Date "2021.06.03"]
[Round "8"]
[White "Dauletova, Gulmira"]
[Black "Pourkashiyan, Atousa"]
[Result "1-0"]
[WhiteTitle "WGM"]
[BlackTitle "WGM"]
[WhiteElo "2285"]
[BlackElo "2322"]
[WhiteFideId "13702971"]
[BlackFideId "12502014"]
[EventDate "2021.06.03"]

1. e4 c5 2. Nf3 e6 3. d4 cxd4 4. Nxd4 a6 5. c4 Nf6 6. Nc3 Qc7 7. a3 b6 8. Be3
Bb7 9. f3 Nc6 10. b4 Be7 11. Rc1 O-O 12. Be2 Rab8 13. Qd2 Rfd8 14. Na4 Ba8 15.
c5 bxc5 16. Nxc5 Bxc5 17. Rxc5 Qb7 18. O-O Rbc8 19. Rfc1 Ne7 20. Nb3 d5 21. e5
Nd7 22. Rxc8 Rxc8 23. f4 h6 24. Bf3 Rxc1+ 25. Qxc1 Nc6 26. Nc5 Nxc5 27. Qxc5 Qd7
28. h3 Bb7 29. Qb6 d4 30. Bxc6 Bxc6 31. Qxd4 Qb7 32. Qd2 Bd5 33. a4 Qc6 34. a5
Qc4 35. Kh2 Qb3 36. Bc5 Qc4 37. Bd6 Qe4 38. Bc5 Qc4 39. Bd6 g6 40. Qf2 h5 41.
Qg3 Qe4 42. Qg5 Kh7 43. Bf8 Qe2 44. Qh6+ Kg8 45. Qg7# 1-0

[Event "Women's Speed Chess Q4"]
[Site "chess.com INT"]
[Date "2021.06.03"]
[Round "8"]
[White "Pham, Le Thao Nguyen"]
[Black "Luong, Phuong Hanh"]
[Result "1-0"]
[WhiteTitle "IM"]
[BlackTitle "WIM"]
[WhiteElo "2369"]
[BlackElo "2229"]
[WhiteFideId "12401226"]
[BlackFideId "12401013"]
[EventDate "2021.06.03"]

1. d4 Nf6 2. Nf3 g6 3. g3 Bg7 4. Bg2 O-O 5. O-O d5 6. c3 c6 7. Nbd2 Bf5 8. Nh4
Be6 9. f4 Qc8 10. Qc2 Bg4 11. e4 dxe4 12. Nxe4 Nxe4 13. Qxe4 Bf6 14. f5 Bxh4 15.
Qxg4 Bf6 16. Bh6 Re8 17. Rae1 Na6 18. Be4 Nc7 19. Qf3 Qd7 20. g4 g5 21. h4 gxh4
22. g5 Bg7 23. Qh5 Qd6 24. Re2 Bxh6 25. gxh6 Kh8 26. Qxh4 Rg8+ 27. Kh1 Ne8 28.
f6 Nxf6 29. Bf5 Qd5+ 30. Kh2 Qd6+ 31. Kh1 Qd5+ 32. Kh2 Qc4 33. Rff2 Nd5 34. Rxe7
Rae8 35. Rxf7 Rg6 36. Bxg6 hxg6 37. Rf8+ Rxf8 38. Rxf8+ Kh7 39. Rf7+ Kg8 40.
Rg7+ Kf8 41. Qd8# 1-0

[Event "Women's Speed Chess Q4"]
[Site "chess.com INT"]
[Date "2021.06.03"]
[Round "8"]
[White "Klinova, Masha"]
[Black "Dong, Khanh Linh"]
[Result "1-0"]
[WhiteTitle "IM"]
[BlackTitle "WCM"]
[WhiteElo "2275"]
[BlackElo "1970"]
[WhiteFideId "2802015"]
[BlackFideId "12403040"]
[EventDate "2021.06.03"]

1. e4 c5 2. Nf3 d6 3. Bb5+ Bd7 4. Bxd7+ Nxd7 5. c4 Ngf6 6. Nc3 g6 7. O-O Bg7 8.
d3 O-O 9. h3 Re8 10. Be3 a6 11. Rc1 b5 12. b3 b4 13. Nd5 e6 14. Nxf6+ Bxf6 15.
d4 Qb6 16. Qd2 Rad8 17. Rcd1 cxd4 18. Bxd4 Bxd4 19. Qxd4 Nc5 20. Rfe1 e5 21. Qd5
a5 22. Ng5 Re7 23. Rd2 a4 24. Re3 axb3 25. axb3 Ra7 26. Rf3 Rdd7 27. Rg3 Qb7 28.
Rb2 Qxd5 29. exd5 Ra1+ 30. Kh2 h6 31. Nf3 Ne4 32. Rg4 Nc5 33. Nd2 Nd3 34. Rb1
Rxb1 35. Nxb1 Nxf2 36. Rg3 Ne4 37. Re3 Nc5 38. Nd2 f5 39. g4 Ra7 40. gxf5 gxf5
41. Rg3+ Kf7 42. Nf3 Ra2+ 43. Kh1 Nxb3 44. Nxe5+ dxe5 45. Rxb3 e4 46. c5 e3 47.
Rxe3 Rc2 48. c6 Rc3 49. Rxc3 1-0

[Event "Women's Speed Chess Q4"]
[Site "chess.com INT"]
[Date "2021.06.03"]
[Round "8"]
[White "Linares Napoles, Oleiny"]
[Black "Mammadova, Gulnar"]
[Result "0-1"]
[WhiteTitle "WGM"]
[BlackTitle "IM"]
[WhiteElo "2255"]
[BlackElo "2382"]
[WhiteFideId "3504794"]
[BlackFideId "13403508"]
[EventDate "2021.06.03"]

1. d4 g6 2. Nc3 d5 3. Bf4 a6 4. e3 Bg7 5. Be2 Nf6 6. Qd2 b5 7. a3 Nbd7 8. h3 Nb6
9. b3 Bb7 10. Rd1 Rc8 11. Nf3 O-O 12. O-O c5 13. Rc1 cxd4 14. exd4 Ne4 15. Nxe4
dxe4 16. Ne5 Nd5 17. Bh2 Nc3 18. Bd1 h5 19. Re1 Qd5 20. Qe3 Rfd8 21. Qf4 g5 22.
Qxg5 f6 23. Qg6 Nxd1 24. Rexd1 fxe5 25. Bxe5 Qf7 26. Qg5 Kh7 27. c4 Bh6 28. Qh4
Bxc1 29. Rxc1 Rg8 30. Rc3 e3 31. f3 Bxf3 32. g3 e2 33. Re3 Rcf8 34. Kf2 Qf5 35.
Bf4 Bb7 36. Rxe7+ Rf7 37. Rxe2 Qg6 38. Re5 Rf5 39. Qe7+ Rg7 40. Qc5 Rxe5 41.
Bxe5 Qc2+ 42. Ke3 Qe4+ 43. Kf2 Qf3+ 44. Ke1 Qe3+ 45. Kd1 Bf3+ 46. Kc2 Qe2+ 47.
Kc3 Qe1+ 0-1

[Event "Women's Speed Chess Q4"]
[Site "chess.com INT"]
[Date "2021.06.03"]
[Round "8"]
[White "Bommini, Mounika Akshaya"]
[Black "Gaponenko, Inna"]
[Result "0-1"]
[WhiteTitle "WFM"]
[BlackTitle "IM"]
[WhiteElo "2029"]
[BlackElo "2357"]
[WhiteFideId "25019872"]
[BlackFideId "14101181"]
[EventDate "2021.06.03"]

1. d4 g6 2. c4 Bg7 3. Nc3 c5 4. d5 Bxc3+ 5. bxc3 f5 6. e4 fxe4 7. Ne2 d6 8. Ng3
Nf6 9. Be2 Nbd7 10. h4 Ne5 11. h5 Rg8 12. hxg6 hxg6 13. Bg5 Qa5 14. Qd2 Bf5 15.
Nxf5 gxf5 16. Rb1 O-O-O 17. Bxf6 exf6 18. Rh7 Rd7 19. Rxd7 Nxd7 20. g3 Ne5 21.
Kf1 Qc7 22. Qf4 Qh7 23. Kg2 Rh8 24. Qh4 Qxh4 25. gxh4 Rxh4 26. Kg3 Rh6 27. Kf4
Nd3+ 28. Bxd3 exd3 29. Rd1 Rh4+ 30. Kxf5 Rh2 31. f3 d2 32. Kxf6 Rf2 33. Ke6 Kc7
34. f4 Rxf4 35. Rxd2 Re4+ 36. Kf5 Rxc4 37. Rd3 b5 38. Rh3 a5 39. Rh7+ Kb6 40.
Ke6 Rxc3 41. Kxd6 c4 42. Rh8 Rd3 43. Rb8+ Ka7 44. Rxb5 c3 45. Rxa5+ Kb6 46. Ra8
c2 47. Rc8 Rd2 48. Ke6 Kb5 49. d6 Kb4 50. d7 Ka3 51. Ke7 Kb2 52. a4 Re2+ 53. Kf7
Rd2 0-1

[Event "Women's Speed Chess Q4"]
[Site "chess.com INT"]
[Date "2021.06.03"]
[Round "8"]
[White "Doluhanova, Evgeniya"]
[Black "Chu, Ruotong"]
[Result "0-1"]
[WhiteTitle "WGM"]
[BlackTitle "WIM"]
[WhiteElo "2207"]
[BlackElo "2207"]
[WhiteFideId "14112035"]
[BlackFideId "8605653"]
[EventDate "2021.06.03"]

1. e4 c5 2. Na3 e6 3. f4 Nc6 4. Nf3 Nf6 5. d3 d5 6. e5 Nd7 7. Be2 a6 8. O-O b5
9. c3 Be7 10. Be3 O-O 11. Qe1 Nb6 12. Nc2 a5 13. Qf2 Nd7 14. d4 Qb6 15. g4 b4
16. Rab1 cxd4 17. Ncxd4 Nxd4 18. Nxd4 Bc5 19. Qh4 Qd8 20. Qh5 Ba6 21. Bxa6 Rxa6
22. Rf3 bxc3 23. bxc3 Re8 24. Rh3 Nf8 25. g5 Rb6 26. Qd1 Rxb1 27. Qxb1 Qb8 28.
Qc2 Qb6 29. Kf2 Rb8 30. Nb3 Bxe3+ 31. Rxe3 Ng6 32. Kf3 Nh4+ 33. Ke2 Nf5 34. Rh3
Qg1 35. Rf3 a4 36. Nd2 Qg2+ 37. Rf2 Qg4+ 38. Rf3 a3 0-1

[Event "Women's Speed Chess Q4"]
[Site "chess.com INT"]
[Date "2021.06.03"]
[Round "8"]
[White "Corrales Jimenez, Zenia"]
[Black "Vantika, Agrawal"]
[Result "0-1"]
[WhiteTitle "WIM"]
[BlackTitle "WIM"]
[WhiteElo "2221"]
[BlackElo "2286"]
[WhiteFideId "3506355"]
[BlackFideId "25050389"]
[EventDate "2021.06.03"]

1. e4 c5 2. d4 cxd4 3. c3 Nf6 4. e5 Nd5 5. cxd4 d6 6. Nf3 Nc6 7. Bc4 dxe5 8.
dxe5 Ndb4 9. Qxd8+ Nxd8 10. Na3 Bg4 11. O-O a6 12. Be3 e6 13. Bb6 Ndc6 14. Rfe1
Be7 15. Nd4 O-O 16. Nxc6 Nxc6 17. Bb3 Nb4 18. Re3 Rac8 19. Nc4 Nd5 20. Rg3 Bh5
21. Be3 b5 22. Na5 Nxe3 23. Rxe3 Bc5 24. Rd3 Rfd8 25. Rxd8+ Rxd8 26. Nb7 Rc8 27.
Nxc5 Rxc5 28. f4 g5 29. g3 Kg7 30. Kf2 a5 31. Ke3 a4 32. Bd1 Bg6 33. h4 gxf4+
34. gxf4 Bf5 35. h5 f6 36. a3 fxe5 37. fxe5 Rxe5+ 38. Kf2 Kf6 39. Bf3 Rc5 40.
Rd1 Rc2+ 41. Ke3 Rxb2 42. Rd8 Rb3+ 43. Kf4 e5+ 44. Kg3 e4 45. Rf8+ Ke7 46. Rxf5
Rxf3+ 47. Rxf3 exf3 48. Kxf3 b4 49. axb4 a3 50. b5 a2 51. b6 a1=Q 52. b7 Qb2 53.
b8=Q Qxb8 54. Kg4 Qe5 55. h6 Qf6 56. Kh5 Qg6+ 57. Kh4 Kf6 58. Kh3 Kf5 59. Kh2
Kf4 60. Kh3 Qg3# 0-1

[Event "Women's Speed Chess Q4"]
[Site "chess.com INT"]
[Date "2021.06.03"]
[Round "8"]
[White "Grigoryan, Meri"]
[Black "Nguyen, Thi Thanh An"]
[Result "1/2-1/2"]
[WhiteTitle "WFM"]
[BlackTitle "WGM"]
[WhiteElo "2044"]
[BlackElo "2259"]
[WhiteFideId "13300571"]
[BlackFideId "12400300"]
[EventDate "2021.06.03"]

1. d4 d5 2. Nf3 Nf6 3. c3 Bf5 4. Bf4 e6 5. e3 c5 6. Bd3 Bxd3 7. Qxd3 Qb6 8. Qe2
Nc6 9. O-O Be7 10. Ne5 O-O 11. b3 Rad8 12. Nd2 Bd6 13. Nxc6 Qxc6 14. Bxd6 Rxd6
15. Rac1 Rfd8 16. Nf3 Rc8 17. Ne5 Qe8 18. Rfd1 Nd7 19. Nxd7 Qxd7 20. h3 h6 21.
Rc2 a5 22. Rdc1 c4 23. e4 Rb6 24. bxc4 Rxc4 25. Rb2 Rxb2 26. Qxb2 dxe4 27. Rb1
Qc6 28. Rc1 b5 29. Kf1 b4 30. Ke1 bxc3 31. Qb8+ Kh7 32. Qe5 f6 33. Qxa5 c2 34.
Qd2 Qd5 35. Ke2 Qxd4 36. Rxc2 Qxd2+ 37. Kxd2 Ra4 38. Ke3 f5 39. f3 Ra3+ 40. Kf4
e3 41. Re2 g5+ 42. Ke5 Ra6 43. Rxe3 Rxa2 44. Kxe6 f4 45. Rb3 Rxg2 46. Kf6 Rd2
47. Rb7+ Kg8 48. Rb8+ Kh7 49. Rb7+ Kg8 50. Rb8+ Kh7 51. Rb7+ 1/2-1/2

[Event "Women's Speed Chess Q4"]
[Site "chess.com INT"]
[Date "2021.06.03"]
[Round "8"]
[White "Osmak, Iulija"]
[Black "Balabayeva, Xeniya"]
[Result "1-0"]
[WhiteTitle "IM"]
[BlackTitle "WFM"]
[WhiteElo "2425"]
[BlackElo "2178"]
[WhiteFideId "14101602"]
[BlackFideId "13719688"]
[EventDate "2021.06.03"]

1. b4 e5 2. Bb2 d6 3. e3 Nf6 4. Nf3 Be7 5. Be2 O-O 6. O-O b6 7. d4 e4 8. Nfd2 d5
9. b5 a6 10. a4 axb5 11. axb5 Rxa1 12. Bxa1 Bd6 13. c4 Be6 14. Nc3 dxc4 15. h3
Qd7 16. Ndxe4 Nxe4 17. Nxe4 Qxb5 18. Qc2 Nd7 19. Rc1 Ra8 20. Bc3 Qb3 21. Qxb3
cxb3 22. Nxd6 cxd6 23. Bf3 Ra2 24. Rb1 Rc2 25. Bb4 Nf6 26. Bxd6 b2 27. Ba3 Rc3
28. Bxb2 Rb3 29. Ra1 h5 30. Ba3 Rb5 31. Bd6 Bd5 32. Be2 Rb2 33. Bd3 Be4 34. Bf1
b5 35. f3 Bc2 36. Ra8+ Kh7 37. Rb8 Ba4 38. e4 Rd2 39. d5 Kg6 40. Bxb5 Bxb5 41.
Rxb5 h4 42. Bf4 Rd1+ 43. Kh2 Nh5 44. Rb6+ f6 45. Bb8 Rd2 46. Bc7 Kf7 47. Rb7 Kg6
48. Kg1 Rd1+ 49. Kf2 Rd2+ 50. Kf1 Kf7 51. Bh2+ Kg6 52. Rb6 Kh7 53. d6 1-0

[Event "Women's Speed Chess Q4"]
[Site "chess.com INT"]
[Date "2021.06.03"]
[Round "8"]
[White "Yu, Jennifer"]
[Black "Purtseladze, Maka"]
[Result "0-1"]
[WhiteTitle "FM"]
[BlackTitle "IM"]
[WhiteElo "2312"]
[BlackElo "2274"]
[WhiteFideId "2078341"]
[BlackFideId "13602659"]
[EventDate "2021.06.03"]

1. d4 Nf6 2. c4 Nc6 3. Nf3 e6 4. Nc3 Bb4 5. e3 d6 6. Qc2 O-O 7. Bd2 e5 8. d5 Ne7
9. Bd3 Bg4 10. h3 Bh5 11. g4 Bg6 12. Bxg6 fxg6 13. Ng5 Qd7 14. Ne6 Rf7 15. O-O-O
c6 16. Ng5 h6 17. Nxf7 Kxf7 18. dxc6 bxc6 19. Ne4 Bxd2+ 20. Rxd2 d5 21. Rhd1
Nxe4 22. Qxe4 Qe6 23. Qf3+ Qf6 24. Qxf6+ gxf6 25. cxd5 cxd5 26. Rc2 Ke6 27. Kb1
Kd6 28. Rdc1 a5 29. a4 Ra6 30. Rc5 Nc6 31. Rb5 d4 32. exd4 Nxd4 33. Rb8 Kd5 34.
Rg8 g5 35. Rg6 Ke4 36. Rc3 Kf4 37. Rxh6 Nf3 38. Rh8 Nd2+ 39. Kc2 Ne4 40. Rc4 Kf3
41. h4 gxh4 42. Rxh4 Nxf2 43. Rc3+ Kf4 44. Rh8 Nxg4 45. Rf8 f5 46. Rc7 e4 47.
Rcf7 Ne3+ 48. Kc3 Rc6+ 49. Kd4 Rb6 50. Kc5 Rxb2 51. Ra7 Kf3 52. Rxa5 f4 53. Ra7
Ra2 54. Raf7 Ng2 55. Kb5 e3 56. a5 e2 57. Re7 Ne3 58. Rxe3+ Kxe3 59. Re8+ Kf2
60. a6 e1=Q 61. Rxe1 Kxe1 62. Kb6 f3 0-1

[Event "Women's Speed Chess Q4"]
[Site "chess.com INT"]
[Date "2021.06.03"]
[Round "8"]
[White "Nurmanova, Alua"]
[Black "Priyanka, K"]
[Result "1-0"]
[WhiteTitle "WFM"]
[BlackTitle "WIM"]
[WhiteElo "2008"]
[BlackElo "2218"]
[WhiteFideId "13729390"]
[BlackFideId "5082986"]
[EventDate "2021.06.03"]

1. e4 c5 2. Nf3 d6 3. d4 cxd4 4. Nxd4 Nf6 5. Nc3 a6 6. Bg5 e6 7. f4 Qc7 8. Qf3
b5 9. a3 Bb7 10. O-O-O Nbd7 11. Bd3 h6 12. Bh4 Be7 13. Rhe1 Nc5 14. Qg3 g5 15.
fxg5 hxg5 16. Bxg5 Rg8 17. h4 Nh7 18. Kb1 Nxg5 19. hxg5 Rxg5 20. Qf2 Nd7 21. Rf1
Rg7 22. Nf3 Qc5 23. Qe2 O-O-O 24. Rh1 Rdg8 25. Rh2 Ne5 26. Rdh1 Ng4 27. Rh8 Bf6
28. Nd1 Ne5 29. R1h7 Rxh8 30. Rxh8+ Kc7 31. Rh5 Qc6 32. Nd4 Qc5 33. Nf3 Qb6 34.
Ka2 Nc6 35. c3 Ne5 36. Nxe5 Bxe5 37. Ne3 Qc6 38. Ng4 Bf4 39. Qf3 Be5 40. Nxe5
dxe5 41. Rxe5 Qd6 42. Rh5 Qg3 43. Qf6 Qxg2 44. Rc5+ Kb6 45. Qd4 Qg1 46. Rxb5+
Kc7 47. Qc4+ Kd8 48. Rxb7 1-0

[Event "Women's Speed Chess Q4"]
[Site "chess.com INT"]
[Date "2021.06.03"]
[Round "8"]
[White "Antolak, Julia"]
[Black "Kanyamarala, Trisha"]
[Result "1-0"]
[WhiteTitle "WIM"]
[BlackTitle "WIM"]
[WhiteElo "2306"]
[BlackElo "2180"]
[WhiteFideId "1159569"]
[BlackFideId "45004722"]
[EventDate "2021.06.03"]

1. e4 c5 2. Nf3 d6 3. d4 cxd4 4. Nxd4 Nf6 5. Nc3 a6 6. Nb3 Nc6 7. Be3 Ng4 8. Bg5
h6 9. Bh4 g5 10. Bg3 Bg7 11. Qd2 b5 12. O-O-O Nge5 13. Kb1 Nc4 14. Qe1 Nxb2 15.
Kxb2 b4 16. Qe3 bxc3+ 17. Kc1 Rb8 18. h4 Rxb3 19. cxb3 Qa5 20. Qe2 Qa3+ 21. Kb1
Nd4 22. Rxd4 Bxd4 23. Qc2 Bb7 24. f3 Bf6 25. Bc4 gxh4 26. Bxh4 Be5 27. Be1 Qb2+
28. Qxb2 cxb2 29. Bd2 Rg8 30. g4 Bg7 31. Bxh6 Rh8 32. g5 f6 33. Rg1 fxg5 34.
Bxg7 Rh2 35. Bxb2 Rf2 36. Rxg5 Rxf3 37. Bd5 Rf1+ 38. Kc2 Rf2+ 39. Kc3 Rf3+ 40.
Kc4 Bc8 41. Rg8+ Kd7 42. Be6+ Kxe6 43. Rxc8 Rf2 44. Kc3 Rf3+ 45. Kd4 Rf2 46. Bc3
Kd7 47. Ra8 Rf3 48. Rxa6 e5+ 49. Kc4 Re3 50. Bb4 Rxe4+ 51. Kc3 Re3+ 52. Kb2 Re2+
53. Kc1 d5 54. Rd6+ Kc7 55. Rxd5 Rxa2 56. Bc3 e4 57. Re5 1-0